| 000 | 00464nam a22001817a 4500 | ||
|---|---|---|---|
| 005 | 20250410114341.0 | ||
| 008 | 250410b |||||||| |||| 00| 0 eng d | ||
| 020 | _a978-0-7020-7221-5 | ||
| 041 | _aeng | ||
| 082 | _a616.028 | ||
| 100 |
_aBERSTEN, ANDREW D AND HANDY, JONATHAN M. _98606 |
||
| 245 | _aOH'S INTENSIVE CARE MANUAL | ||
| 250 | _a8TH ED. 2019 | ||
| 260 |
_aCHINA _bELSEVIER _c2019 |
||
| 300 | _a1451;P | ||
| 650 |
_aPHYSIOTHERAPY _98180 |
||
| 942 | _cBK | ||
| 999 |
_c8736 _d8734 |
||